1176 1481 1303 1018 1502 1872 1046 1739 1027 1816 1999 1326 1886 1397 1145 1669 1840 1976 1514 1564 1457 1849 1874 1480 1267 1782 1911 1799 1491 1680 1761 1958 1498 1743 1928 1027 1744 1889 1464 1519 1664 1996 1407 1371 1991 1535 1399 1352 1427 1910 1402 1740 1813 1764 1998 1006 1583 1236 1797 1889 1659 1539 1916 1956 1986 1697 1803 1534 1066 1891 1580 1726 1900 1153 1570 1483 1464 1287 1913 1723 1108 1285 1858 1526 1116 1988 1314 1859 1675 1910 1052 1473 1416 1898 1003 1226 1039 1022 1330 BCNSPRNW ULIB Ver.6.0+V

เปลี่ยนเป็นภาษาไทย

Change to English
 แสดงรายละเอียดบรรณานุกรม
  กลับหน้าหลัก

Brief Record : Get Marc (ISO 2709) : E-mail record : QR code < ปิดหน้าต่าง
LEADER : 00000nam 2200000uu 4500
001    13399113979
003     ULIB
008    120119s2546||||th 000 0 tha d
020    ^a9789742125790
050  4 ^aBF128^bต777จ
100 0  ^aเติมศักดิ์ คทวณิช
245 10 ^aจิตวิทยาทั่วไป =^bGeneral psychology /^cเติมศักดิ์ คทวณิช
246 31 ^aGeneral psychology
260    ^aกรุงเทพฯ :^bซีเอ็ดยูเคชั่น,^c2546
300    ^a331 หน้า :^bภาพประกอบ,^c25 ซม.
650  4 ^aจิตวิทยา
945    ^p170^l0^i18677
945    ^p170^l0^i18905
945    ^p170^l0^i18906
995    ^aกัณชพร
999 ^a ใช้งานได้ทุกระบบ
รายการนี้ยังไม่มีแท็ก
คุณยังไม่ได้ล็อกอิน คุณสามารถมีกิจกรรมร่วมกับเว็บไซต์ได้ แต่ต้องล็อกอินก่อน ::
  ล็อกอิน

รายการสื่อสารสนเทศ

ลำดับที่ ประเภท เลขเรียก/บาร์โค้ด สถานที่ สถานะ
- ไม่พบข้อมูล -

รายการใกล้เคียง
    หัวเรื่อง [จิตวิทยา]

BibComment


ยังไม่เคยถูกคอมเมนท์

คอมเมนท์ทรัพยากรรายการนี้
  คอมเมนท์: จิตวิทยาทั่วไป ..


 Copyright 2026. Bcnsprnw @Library